| 000 | 00426nam a2200181Ia 4500 | ||
|---|---|---|---|
| 001 | 24708 | ||
| 005 | 20260414151101.0 | ||
| 008 | 260414t2015||||xx |||||||||||||| ||spa|| | ||
| 041 | _aESP | ||
| 082 |
_a345.726 _bA72 |
||
| 100 |
_aAriano Deho, Eugenia _eAUT |
||
| 245 | 0 |
_aImpugnaciones procesales _b |
|
| 260 | _c2015 | ||
| 300 |
_a347 páginas : _c25 cm. |
||
| 650 | _aDER | ||
| 654 | _aCDE | ||
| 942 |
_cLIB _dJUS _fJUS _2ddc _n |
||
| 999 |
_c24708 _d24708 |
||